February 2025 NCS Songs - Statistics

General Stats
  • This quiz has been taken 9 times
  • The average score is 12 of 16
Answer Stats
Genre Circle Artist(s) Song % Correct
Pluggnb Mint Zachz Winner, frozy, and joyful Boogie
100%
DnB Pink Slushii, sapientdream, and Rameses B Break My Heart (Rameses B Remix)
86%
Progressive House Yellow Diviners and November Lights Change
86%
Melodic Dubstep/Brostep Blue Whales Die For You
86%
Pluggnb Mint DJ Nansuya Gang
86%
Glitch Hop Mint JJD, Division One, and Halvorsen Just a Minute More
86%
Trap Green Biometrix and Zeli Lay Low
86%
Commercial House Yellow KDH, Syn Cole, Vikkstar, and Joe Jury Another Way
71%
Neurofunk Pink ThatBehavior Back Again
71%
Brazilian Phonk Unknown TWISTED and xxephyrr BUSSIN' (xxephyrr Remix)
71%
Pluggnb Mint waera harinezumi
71%
Bass House/Complextro Unknown Mo Falk and MADZI Let's Go
71%
Dubstep Blue Warriyo, Tokyo Machine, and Boom Kitty Mortals (Tokyo Machine and Boom Kitty Remix)
71%
Speed House Unknown Nokae Real Good Liar
71%
Progressive House Pink Spektrem Stutterfly
71%
Neurofunk Pink Badlokk and REEBZ Buried Alive
57%
No matching quizzes found
Score Distribution
Percent of People with Each Score
Percentile by Number Answered
Your Score History
You have not taken this quiz